Vývoj prístupov k riadeniu výkonnosti podnikov
Prístupy k hodnoteniu výkonnosti podnikov. Priority podnikov na najbližšie 3 roky. Ukazovatele výkonnosti. Kľúčové ukazovatele výkonnosti. Ukazovatele krátkodobej výkonnosti a ich význam. Najpoužívanejšie manažérske techniky riadenia výkonnosti. Rebríček najpoužívanejších manažérskych nástrojov vo s...
Salvato in:
| Autore principale: | |
|---|---|
| Altri autori: | |
| Natura: | Capitolo di libro |
| Lingua: | slovacco |
| Soggetti: | |
| Tags: |
Nessun Tag, puoi essere il primo ad aggiungerne!!
|
MARC
| LEADER | 00000nla a2200000 4500 | ||
|---|---|---|---|
| 001 | 0185318 | ||
| 005 | 20240522094310.3 | ||
| 041 | 0 | |a slo | |
| 044 | |a SK | ||
| 245 | 1 | 0 | |a Vývoj prístupov k riadeniu výkonnosti podnikov |c Slávka Šagátová, Daniela Rybárová |
| 520 | |a Prístupy k hodnoteniu výkonnosti podnikov. Priority podnikov na najbližšie 3 roky. Ukazovatele výkonnosti. Kľúčové ukazovatele výkonnosti. Ukazovatele krátkodobej výkonnosti a ich význam. Najpoužívanejšie manažérske techniky riadenia výkonnosti. Rebríček najpoužívanejších manažérskych nástrojov vo svete. Trendy v uplatňovaní nástrojov riadenia v čase krízy. Uplatňovanie manažérskych nástrojov riadenia v SR. | ||
| 610 | 2 | 0 | |a výkonnosť podniku |
| 610 | 2 | 0 | |a riadenie |
| 610 | 2 | 0 | |a riadenie výkonov |
| 610 | 2 | 0 | |a nástroje riadenia |
| 610 | 2 | 0 | |a manažéri |
| 610 | 2 | 0 | |a kríza |
| 610 | 2 | 0 | |a Slovensko |
| 100 | 1 | |a Šagátová, Slavka, 1975- | |
| 700 | 1 | |a Rybárová, Daniela, 1967- | |